000 00537nam a2200181Ia 4500
008 090123s9999 xx 000 0 und d
082 _b8051
_a891.463/रानडे
100 _aरानडे जयंत
245 _aचक्रव्युह
250 _a1
260 _bमनोरमा प्रकाशन
300 _a172
600 _aरानडे जयंत
630 _aचक्रव्युह
700 _aरानडे जयंत
730 _aचक्रव्युह
942 _cBOOK
999 _c46117
_d46117